| 000 | 00580nam a2200193 a 4500 | ||
|---|---|---|---|
| 005 | 20220524081355.0 | ||
| 008 | 080926s2000 mx r 000 0 spa d | ||
| 020 | _a9211421594 | ||
| 035 | _aUPN01000161036 | ||
| 049 | _aUNE | ||
| 080 | _a341.67 (100) =20 SCI No.2. | ||
| 245 | 0 | _aScience and technology and their implications for peace and security. | |
| 260 | _aNew York : ONU, 1990. | ||
| 300 | _avi, 153 p. | ||
| 440 | 0 | _aDisarmament tropical papers; 2 | |
| 690 |
_aDesarme nuclear _915145 |
||
| 690 | _aControl de armamentos- Ciencia y tecnologia | ||
| 905 | _aUNESCO | ||
| 999 |
_c133149 _d133149 |
||